| 000 | 00436nam a2200157Ia 4500 | ||
|---|---|---|---|
| 008 | 240729s9999 xx 000 0 und d | ||
| 022 | _a2090-6692 | ||
| 245 | 0 | _aCase Reports in Obstetrics and Gynecology | |
| 260 | _aUnited Kingdom | ||
| 260 | _bHindawi Limited | ||
| 650 | _a Gynecology and obstetrics | ||
| 650 | _aMedicine | ||
| 856 | _uhttps://doaj.org/toc/841617cd2d234316a9ad2ee8796b2c29 | ||
| 942 | _2ddc | ||
| 942 | _cDOAJEJ | ||
| 999 |
_c71660 _d71660 |
||
| 945 |
_a1 _bMadushi Gamage _c1 _dMadushi Gamage |
||